Particulars and conditions of sale of several valuable copyhold estates situate at Wivelsfield near Cuckfield in the county of Sussex which will be sold by auction by William Drawbridge at The Talbot Inn in Cuckfield in the county of Sussex on Thursday 11 May 1815... (Record no. 116376)

MARC details
000 -LEADER
fixed length control field 00951cam a22002055a 4500
001 - CONTROL NUMBER
control field L140587
008 - FIXED-LENGTH DATA ELEMENTS--GENERAL INFORMATION
fixed length control field 071001s1815 xxk eng u
035 ## - SYSTEM CONTROL NUMBER
System control number (Sirsi) u140587
041 0# - LANGUAGE CODE
Language code of text/sound track or separate title eng
100 1# - MAIN ENTRY--PERSONAL NAME
Personal name Drawbridge, William
245 00 - TITLE STATEMENT
Title Particulars and conditions of sale of several valuable copyhold estates situate at Wivelsfield near Cuckfield in the county of Sussex which will be sold by auction by William Drawbridge at The Talbot Inn in Cuckfield in the county of Sussex on Thursday 11 May 1815...
260 ## - PUBLICATION, DISTRIBUTION, ETC.
Place of publication, distribution, etc. London
Name of publisher, distributor, etc. J. Shaw
Date of publication, distribution, etc. 1815
300 ## - PHYSICAL DESCRIPTION
Extent 1 sheet
Other physical details framed
Dimensions 37 x 46 cm.
351 ## - ORGANIZATION AND ARRANGEMENT OF MATERIALS
Hierarchical level Single item
500 ## - GENERAL NOTE
General note Document has been annotated by William Drawbridge with details of the purchaser (John Coppard), the purchase price and the deposit paid.
500 ## - GENERAL NOTE
General note Document has been framed.
651 4# - SUBJECT ADDED ENTRY--GEOGRAPHIC NAME
Geographic name Sussex
Chronological subdivision 1888-
690 ## - LOCAL SUBJECT ADDED ENTRY--TOPICAL TERM (OCLC, RLIN)
Topical term or geographic name as entry element PROPERTY-PROPERTY ACQUISITION AND DISPOSAL-ACQUISITION AND DISPOSAL AT AUCTION
942 ## - ADDED ENTRY ELEMENTS (KOHA)
Suppress in OPAC 0
Holdings
Withdrawn status Lost status Source of classification or shelving scheme Damaged status Not for loan Home library Current library Shelving location Date acquired Total Checkouts Full call number Barcode Date last seen Copy number Price effective from Koha item type
    Dewey Decimal Classification     Historic collection Historic collection Historic collection 01/10/2007   MAP CABINET DRAWER 6 140587-2001 06/08/2019 1 06/08/2019 Archive